000 00681nam a2200241 i 4500
001 C2-0327034
003 PPAK
005 20180728124736.0
008 140429s2013 my |||| ||||| | may d
020 _a9789671189603
040 _aPPAK
_beng
_cPPAK
_erda
082 0 4 _a297.57
_223
090 0 0 _a297.57
_bNIK
_dG
100 0 _aNik Salida Suhaila Nik Salleh,
_eauthor
245 1 0 _aIstimewa untuk permata hati
264 1 _aBatang Kali, Selangor :
_bDunia Iman Enterprise ,
_c2013
300 _a116 pages ;
_c23 cm.
336 _2rdacontent
_atext
337 _2rdamedia
_aunmediated
338 _2rdacarrier
_avolume
650 1 0 _aMuslim - Religious life
942 _ddc
_cB
999 _c126619
_d126619